Que sais-je faire d'autre ? - Encanto (Disney) - Statistiques

Statistiques générales
  • Ce quiz a été pris 131 fois
  • Le résultat moyen est 238 sur 335
Statistiques - réponses
Hint Réponse % Correct
Ce
98%
je
97%
Je
97%
qu'
97%
Que
97%
que
97%
de
95%
sa
95%
pas
94%
faire
93%
Mais
93%
sais
93%
ces
92%
d'autre ?
92%
d'autre
92%
mes
92%
Isabela à
91%
A
91%
a
91%
le
91%
ça
90%
chose
90%
te
90%
dans
89%
fait
89%
n'est
89%
des
88%
parfait
88%
sais-je
88%
beau
86%
bras
86%
Isabela J'ai
86%
les
86%
ni
86%
nouveau
86%
quelque
86%
su
86%
C'est
85%
c'est
85%
suis
85%
trouve
85%
va
85%
plus
83%
Mirabel | Mirabel &Isabela Plus
83%
qui
83%
se
83%
Mirabel Se
83%
symétrique
83%
Mirabel T'en
83%
t'en
83%
Isabela Et
82%
d'inattendu
81%
mon
81%
Isabela Mon
81%
piquant
81%
vas
81%
Si
80%
si
80%
sont
80%
roses
78%
fière
77%
faut
76%
Il
76%
il
76%
tu
76%
Mirabel Tu
76%
Câlin
75%
j'en
75%
J'en
75%
Un
75%
vie
75%
belles
73%
connais
73%
en
73%
qu'il
73%
poses
72%
ta
70%
la
69%
n'en
69%
une
69%
est
68%
j'avais
68%
mayo
68%
haut
67%
Isabela Au
66%
au
66%
derrière
66%
parfaite
66%
bien
64%
ego ?
64%
ouragan
64%
ai
60%
a-t-il
60%
moi
60%
temps
60%
Mirabel Tout
60%
du
59%
être
59%
flor
59%
ses
59%
moment
58%
Mirabel On
58%
rien
57%
voulu
57%
attends
56%
fête
56%
liane
56%
présent
56%
qu'aujourd'hui
55%
vise
55%
tête ?
53%
toi
53%
Mirabel Comme
52%
sans
52%
sommet
52%
ailes
50%
ciel
50%
m'agrippe
50%
vouloir
50%
as-tu
49%
d'être
49%
Qu'y
49%
veux
49%
vrai ?
49%
zéro
49%
Avec
48%
déploie
48%
dirait
48%
faux
48%
fini
48%
lisse
48%
Mirabel Oui
48%
oui
48%
prend
48%
renouveau
48%
repars
48%
végétaux
48%
enfin
47%
maintenant
47%
n'as
47%
première
47%
toucher
47%
cadeau
45%
j'aurais
45%
loin
45%
l'oiseau
45%
n'y
45%
palma
45%
jusqu'à
44%
rares
44%
vécu
44%
destin
43%
part
43%
réel
43%
seul
43%
frisson
42%
Isabela J'étais
42%
qu'un
42%
raison
42%
rêvais
42%
sonne
42%
profiter
41%
réveilles
41%
t'as
41%
trop
41%
jacarandas
40%
Isabela Merci
40%
s'élève
40%
liberté
39%
quand
39%
vivre
39%
cera
38%
éclairé
38%
personne
38%
sentir
38%
tard
38%
voie
38%
d'avoir
36%
délivrée
35%
libérer
35%
esprit
33%
rossolis
33%
vagues
33%
Mirabel
32%
Mirabel Ton
31%
refuser
30%
milieu
28%
danse
27%
m'aggripe
26%
comprends
25%
Mirabel Pardon
19%
tabebuias
15%
Mirabel Tabebuias
15%
Aucun quiz correspondant
Distribution des résultats
% des personnes avec chaque résultat
Percentile par nombre de réponses
Votre historique - résultats
Vous n’avez pas pris ce quiz